Boom boom (Record no. 79002)

MARC details
000 -LEADER
fixed length control field 01033cab a22001815a 4500
001 - CONTROL NUMBER
control field L138821
008 - FIXED-LENGTH DATA ELEMENTS--GENERAL INFORMATION
fixed length control field 070713s2007 xxk f s 000 0 eng d
035 ## - SYSTEM CONTROL NUMBER
System control number (Sirsi) u138821
041 0# - LANGUAGE CODE
Language code of text/sound track or separate title eng
100 1# - MAIN ENTRY--PERSONAL NAME
Personal name Fisher, Liz
245 00 - TITLE STATEMENT
Title Boom boom
260 ## - PUBLICATION, DISTRIBUTION, ETC.
Date of publication, distribution, etc. 2007
490 #0 - SERIES STATEMENT
Series statement Accountancy
Volume/sequential designation 140(1367) July 2007, 22-41(8)
520 ## - SUMMARY, ETC.
Summary, etc. Series of articles reports on the annual top 60 league table of accountancy firms. Reports that firms are enjoying a second year of growth above inflation. Total fee income increased by 13.8%, falling only slightly short of the 14.1% reported in 2006, and contrasting with 4.8% in 2005. Almost all firms reported positive fee income growth. Partner numbers have increased and fees per partner rose by 5%, but only 11% of partners are women. Audit and assurance are booming. Consultancy is returning to mainstream operations. Service line profitability is examined. Tables.
651 #4 - SUBJECT ADDED ENTRY--GEOGRAPHIC NAME
Geographic name United Kingdom
Chronological subdivision
690 ## - LOCAL SUBJECT ADDED ENTRY--TOPICAL TERM (OCLC, RLIN)
Topical term or geographic name as entry element MANAGEMENT-BUSINESS MANAGEMENT-FINANCIAL MANAGEMENT-ACCOUNTING
942 ## - ADDED ENTRY ELEMENTS (KOHA)
Suppress in OPAC 0
Holdings
Withdrawn status Lost status Source of classification or shelving scheme Damaged status Not for loan Home library Current library Shelving location Date acquired Total Checkouts Full call number Barcode Date last seen Copy number Price effective from Koha item type
    Dewey Decimal Classification     London London Journal article 13/07/2007   L138821 138821-1001 06/08/2019 1 06/08/2019 Journal article